[Event "MCR druzstev mladsich zaku 2015"]
[Site "Hradec Kralove"]
[Date "2015.06.14"]
[Round "8.14"]
[White "Skypala (Vlasim), Ondrej"]
[Black "Demko (Interchess), Robert"]
[Result "1/2-1/2"]
[BlackElo "1888"]
[WhiteElo "1685"]
[LiveChessVersion "1.4.4"]

1. c4 {[%clk 0:25:14]} e5 {[%clk 0:25:18]} 2. Nc3 {[%clk 0:25:19]} Nf6
{[%clk 0:25:21]} 3. d3 {[%clk 0:25:14]} d5 {[%clk 0:25:20]} 4. Bg5
{[%clk 0:25:02]} d4 {[%clk 0:24:25]} 5. Nd5 {[%clk 0:24:39]} Be7 {[%clk 0:24:21]}
6. Nxe7 {[%clk 0:23:18]} Qxe7 {[%clk 0:24:25]} 7. g3 {[%clk 0:22:33]} Nc6
{[%clk 0:23:07]} 8. a3 {[%clk 0:20:54]} a5 {[%clk 0:22:26]} 9. Bg2
{[%clk 0:19:41]} Bd7 {[%clk 0:21:07]} 10. Nf3 {[%clk 0:17:31]} O-O
{[%clk 0:20:36]} 11. O-O {[%clk 0:14:14]} h6 {[%clk 0:19:13]} 12. Bxf6
{[%clk 0:13:12]} Qxf6 {[%clk 0:19:20]} 13. Nd2 {[%clk 0:13:11]} Qe7
{[%clk 0:17:52]} 14. Qb3 {[%clk 0:09:51]} a4 {[%clk 0:16:32]} 15. Qc2
{[%clk 0:09:42]} f5 {[%clk 0:14:59]} 16. e3 {[%clk 0:09:07]} Ra7 {[%clk 0:12:45]}
17. Nf3 {[%clk 0:08:27]} f4 {[%clk 0:11:00]} 18. exf4 {[%clk 0:07:38]} exf4
{[%clk 0:11:07]} 19. Rae1 {[%clk 0:06:41]} Qf6 {[%clk 0:11:00]} 20. Nd2
{[%clk 0:06:28]} Qg6 {[%clk 0:09:33]} 21. Kh1 {[%clk 0:05:39]} Kh8
{[%clk 0:09:23]} 22. Re4 {[%clk 0:04:10]} Raa8 {[%clk 0:08:17]} 23. Re2
{[%clk 0:04:00]} fxg3 {[%clk 0:07:45]} 24. fxg3 {[%clk 0:04:02]} Rxf1+
{[%clk 0:07:47]} 25. Nxf1 {[%clk 0:04:07]} Bg4 {[%clk 0:07:39]} 26. Re1
{[%clk 0:03:47]} Qf6 {[%clk 0:07:11]} 27. Re4 {[%clk 0:03:32]} Qg6
{[%clk 0:06:52]} 28. Re1 {[%clk 0:03:40]} Bf5 {[%clk 0:06:13]} 29. Be4
{[%clk 0:03:42]} Bxe4+ {[%clk 0:06:15]} 30. Rxe4 {[%clk 0:03:48]} Rf8
{[%clk 0:05:51]} 31. Kg2 {[%clk 0:03:54]} Qh5 {[%clk 0:05:42]} 32. Qe2
{[%clk 0:03:54]} Qg6 {[%clk 0:05:09]} 33. Qc2 {[%clk 0:03:59]} Qd6
{[%clk 0:04:31]} 34. Qe2 {[%clk 0:04:00]} Kh7 {[%clk 0:04:05]} 35. Re6
{[%clk 0:03:29]} Qd7 {[%clk 0:04:00]} 36. Qe4+ {[%clk 0:03:38]} Kh8
{[%clk 0:04:08]} 37. Nd2 {[%clk 0:03:18]} Qf7 {[%clk 0:04:06]} 38. Qf3
{[%clk 0:02:57]} Qxe6 {[%clk 0:03:45]} 39. Qxf8+ {[%clk 0:03:06]} Kh7
{[%clk 0:03:54]} 40. Qf2 {[%clk 0:03:12]} Ne5 {[%clk 0:03:39]} 41. Qe2
{[%clk 0:03:14]} Qf5 {[%clk 0:03:46]} 42. Ne4 {[%clk 0:03:10]} Ng4
{[%clk 0:03:46]} 43. Qf3 {[%clk 0:03:08]} Ne3+ {[%clk 0:03:49]} 44. Kf2
{[%clk 0:03:16]} Nd1+ {[%clk 0:03:50]} 45. Ke2 {[%clk 0:03:08]} Qxf3+
{[%clk 0:03:17]} 46. Kxf3 {[%clk 0:03:17]} Kg6 {[%clk 0:03:14]} 47. Ke2
{[%clk 0:03:25]} Ne3 {[%clk 0:03:21]} 48. Nd2 {[%clk 0:03:32]} Kf5
{[%clk 0:03:28]} 49. Nf3 {[%clk 0:03:38]} c5 {[%clk 0:03:34]} 50. h3
{[%clk 0:03:45]} h5 {[%clk 0:03:39]} 51. Nh4+ {[%clk 0:03:53]} Kf6
{[%clk 0:03:44]} 52. Kf2 {[%clk 0:03:46]} Nf5 {[%clk 0:02:45]} 53. Nxf5
{[%clk 0:03:28]} Kxf5 {[%clk 0:02:54]} 54. Kf3 {[%clk 0:03:36]} g5
{[%clk 0:03:02]} 55. g4+ {[%clk 0:03:45]} hxg4+ {[%clk 0:03:11]} 56. hxg4+
{[%clk 0:03:54]} Ke5 {[%clk 0:03:19]} 57. Kg3 {[%clk 0:04:02]} Kf6
{[%clk 0:02:45]} 58. Kf2 {[%clk 0:04:08]} Ke6 {[%clk 0:02:35]} 59. Kg3
{[%clk 0:04:13]} Kd6 {[%clk 0:02:33]} 60. Kf3 {[%clk 0:04:21]} Ke5
{[%clk 0:01:27]} 61. Kg3 {[%clk 0:04:30]} 1/2-1/2

[Event "MCR druzstev mladsich zaku 2015"]
[Site "Hradec Kralove"]
[Date "2015.06.14"]
[Round "8.15"]
[White "Szotkowski (Interchess), David"]
[Black "Vojta (Vlasim), Jakub"]
[Result "0-1"]
[BlackElo "1748"]
[WhiteElo "1726"]
[LiveChessVersion "1.4.4"]

1. Nf3 {[%clk 0:25:18]} Nf6 {[%clk 0:24:59]} 2. d4 {[%clk 0:25:24]} d6
{[%clk 0:24:43]} 3. Nc3 {[%clk 0:25:16]} g6 {[%clk 0:24:23]} 4. e4
{[%clk 0:25:13]} Bg7 {[%clk 0:24:11]} 5. Be2 {[%clk 0:25:07]} O-O
{[%clk 0:23:58]} 6. O-O {[%clk 0:24:48]} Nbd7 {[%clk 0:23:16]} 7. e5
{[%clk 0:20:41]} dxe5 {[%clk 0:22:09]} 8. dxe5 {[%clk 0:20:47]} Ng4
{[%clk 0:21:34]} 9. e6 {[%clk 0:20:24]} fxe6 {[%clk 0:20:48]} 10. Ng5
{[%clk 0:20:06]} Nxf2 {[%clk 0:14:31]} 11. Rxf2 {[%clk 0:20:08]} Nb6
{[%clk 0:13:39]} 12. Be3 {[%clk 0:16:48]} Nd5 {[%clk 0:12:36]} 13. Rxf8+
{[%clk 0:16:22]} Bxf8 {[%clk 0:11:32]} 14. Qf1 {[%clk 0:13:56]} Bg7
{[%clk 0:10:38]} 15. Qf7+ {[%clk 0:13:30]} Kh8 {[%clk 0:10:42]} 16. Bd4
{[%clk 0:13:03]} Bxd4+ {[%clk 0:10:55]} 17. Kh1 {[%clk 0:13:03]} Qg8
{[%clk 0:10:17]} 18. Nxd5 {[%clk 0:11:19]} exd5 {[%clk 0:09:18]} 19. Qxe7
{[%clk 0:10:36]} Bxb2 {[%clk 0:07:35]} 20. Rb1 {[%clk 0:05:44]} Bc3
{[%clk 0:07:10]} 21. Rf1 {[%clk 0:04:40]} Bf5 {[%clk 0:07:04]} 22. Rxf5
{[%clk 0:01:12]} gxf5 {[%clk 0:06:56]} 23. Bh5 {[%clk 0:01:12]} Qg7
{[%clk 0:06:31]} 24. Nf7+ {[%clk 0:00:43]} Kg8 {[%clk 0:06:34]} 25. Qe6
{[%clk 0:00:26]} Kf8 {[%clk 0:05:37]} 26. Qxf5 {[%clk 0:00:21]} Qf6
{[%clk 0:05:27]} 27. Qxf6 {[%clk 0:00:14]} Bxf6 {[%clk 0:05:35]} 28. Kg1
{[%clk 0:00:18]} Re8 {[%clk 0:05:34]} 29. Kf2 {[%clk 0:00:16]} Re7
{[%clk 0:05:40]} 30. Nh6 {[%clk 0:00:22]} Bg5 {[%clk 0:05:19]} 31. Nf5
{[%clk 0:00:26]} Re5 {[%clk 0:05:05]} 32. Bg4 {[%clk 0:00:31]} h5
{[%clk 0:05:09]} 33. Bh3 {[%clk 0:00:36]} Kf7 {[%clk 0:05:08]} 34. Nd4
{[%clk 0:00:32]} Be3+ {[%clk 0:04:44]} 35. Kf3 {[%clk 0:00:36]} Bxd4
{[%clk 0:04:52]} 36. g4 {[%clk 0:00:20]} Re3+ {[%clk 0:04:56]} 37. Kg2
{[%clk 0:00:26]} Re2+ {[%clk 0:04:50]} 0-1

[Event "MCR druzstev mladsich zaku 2015"]
[Site "Hradec Kralove"]
[Date "2015.06.14"]
[Round "8.16"]
[White "Pisova (Vlasim), Petra"]
[Black "Mikesch (Interchess), Dalibor"]
[Result "0-1"]
[BlackElo "1384"]
[WhiteElo "1470"]
[LiveChessVersion "1.4.4"]

1. e4 {[%clk 0:25:18]} c5 {[%clk 0:25:17]} 2. Nf3 {[%clk 0:25:18]} d6
{[%clk 0:25:25]} 3. d4 {[%clk 0:25:00]} cxd4 {[%clk 0:25:31]} 4. Nxd4
{[%clk 0:24:54]} Nf6 {[%clk 0:25:25]} 5. Nc3 {[%clk 0:24:39]} a6 {[%clk 0:25:21]}
6. f3 {[%clk 0:23:54]} e5 {[%clk 0:25:20]} 7. Nb3 {[%clk 0:23:14]} Be7
{[%clk 0:25:01]} 8. Be3 {[%clk 0:22:37]} Be6 {[%clk 0:24:49]} 9. Nd5
{[%clk 0:21:28]} Nbd7 {[%clk 0:20:17]} 10. Be2 {[%clk 0:17:42]} O-O
{[%clk 0:19:32]} 11. O-O {[%clk 0:17:21]} Bxd5 {[%clk 0:17:20]} 12. exd5
{[%clk 0:17:21]} Nb6 {[%clk 0:17:07]} 13. c4 {[%clk 0:16:39]} Rc8
{[%clk 0:16:49]} 14. Rc1 {[%clk 0:16:26]} Nfd7 {[%clk 0:15:55]} 15. Qd3
{[%clk 0:14:25]} Bg5 {[%clk 0:15:13]} 16. f4 {[%clk 0:12:33]} exf4
{[%clk 0:13:52]} 17. Bxf4 {[%clk 0:12:34]} Bxf4 {[%clk 0:13:14]} 18. Rxf4
{[%clk 0:12:32]} Ne5 {[%clk 0:13:01]} 19. Qg3 {[%clk 0:11:39]} Re8
{[%clk 0:12:16]} 20. Nd4 {[%clk 0:08:05]} Nbxc4 {[%clk 0:10:07]} 21. Bxc4
{[%clk 0:08:03]} Rxc4 {[%clk 0:09:59]} 22. Rxc4 {[%clk 0:08:12]} Nxc4
{[%clk 0:09:51]} 23. Nf5 {[%clk 0:07:26]} Qb6+ {[%clk 0:06:55]} 24. Kh1
{[%clk 0:06:55]} Qxb2 {[%clk 0:06:56]} 25. Nh6+ {[%clk 0:06:50]} Kh8
{[%clk 0:06:53]} 26. Nxf7+ {[%clk 0:06:24]} Kg8 {[%clk 0:07:02]} 27. h3
{[%clk 0:05:54]} Qb1+ {[%clk 0:06:30]} 28. Kh2 {[%clk 0:06:03]} Qg6
{[%clk 0:06:25]} 29. Qf3 {[%clk 0:04:40]} Ne5 {[%clk 0:05:08]} 30. Nxe5
{[%clk 0:04:27]} dxe5 {[%clk 0:05:17]} 31. Re4 {[%clk 0:04:22]} Qd6
{[%clk 0:05:02]} 32. Qb3 {[%clk 0:04:16]} Rd8 {[%clk 0:04:35]} 33. Qxb7
{[%clk 0:04:06]} Qxd5 {[%clk 0:04:32]} 34. Qxd5+ {[%clk 0:03:53]} Rxd5
{[%clk 0:04:41]} 35. Kg3 {[%clk 0:04:02]} Kf7 {[%clk 0:04:45]} 36. Ra4
{[%clk 0:04:01]} a5 {[%clk 0:04:45]} 37. Kf3 {[%clk 0:04:10]} Ke6
{[%clk 0:04:47]} 38. Ke4 {[%clk 0:04:19]} g6 {[%clk 0:04:24]} 39. Rc4
{[%clk 0:04:20]} h6 {[%clk 0:04:08]} 40. Rc6+ {[%clk 0:04:18]} Rd6
{[%clk 0:04:13]} 41. Rc5 {[%clk 0:04:27]} Rd4+ {[%clk 0:04:15]} 42. Ke3
{[%clk 0:04:36]} Rd5 {[%clk 0:04:12]} 43. Rc6+ {[%clk 0:04:45]} Rd6
{[%clk 0:04:19]} 44. Rc4 {[%clk 0:04:37]} Rd5 {[%clk 0:04:18]} 45. Ke4
{[%clk 0:04:46]} Rd2 {[%clk 0:04:16]} 46. Ra4 {[%clk 0:04:47]} Rd5
{[%clk 0:04:16]} 47. g4 {[%clk 0:04:51]} Rc5 {[%clk 0:04:05]} 48. h4
{[%clk 0:04:45]} Rd5 {[%clk 0:03:56]} 49. Rc4 {[%clk 0:04:45]} Rd2
{[%clk 0:03:51]} 50. Rc6+ {[%clk 0:04:46]} Rd6 {[%clk 0:03:59]} 51. Rc5
{[%clk 0:04:55]} Rd4+ {[%clk 0:04:06]} 52. Kf3 {[%clk 0:05:02]} Rd5
{[%clk 0:04:14]} 53. Rc4 {[%clk 0:05:09]} Rd4 {[%clk 0:03:59]} 54. Rxd4
{[%clk 0:05:11]} exd4 {[%clk 0:04:07]} 55. Ke4 {[%clk 0:05:20]} h5
{[%clk 0:03:43]} 56. g5 {[%clk 0:04:46]} d3 {[%clk 0:03:47]} 57. Kxd3
{[%clk 0:04:51]} Kf5 {[%clk 0:03:57]} 58. Kc4 {[%clk 0:04:45]} Kg4
{[%clk 0:04:06]} 59. Kb5 {[%clk 0:04:54]} Kxh4 {[%clk 0:04:15]} 60. Kxa5
{[%clk 0:05:03]} Kxg5 {[%clk 0:04:23]} 61. Kb5 {[%clk 0:05:12]} h4
{[%clk 0:04:33]} 62. a4 {[%clk 0:05:21]} 0-1

[Event "MCR druzstev mladsich zaku 2015"]
[Site "Hradec Kralove"]
[Date "2015.06.14"]
[Round "8.17"]
[White "Lhotska (Interchess), Anna"]
[Black "Vopalka (Vlasim), Filip"]
[Result "1-0"]
[BlackElo "1156"]
[WhiteElo "1568"]
[LiveChessVersion "1.4.4"]

1. e4 {[%clk 0:25:17]} e6 {[%clk 0:25:19]} 2. d4 {[%clk 0:25:24]} d5
{[%clk 0:25:27]} 3. Nc3 {[%clk 0:25:29]} c5 {[%clk 0:25:10]} 4. Be3
{[%clk 0:24:56]} Nf6 {[%clk 0:23:59]} 5. e5 {[%clk 0:22:26]} Nfd7
{[%clk 0:22:11]} 6. Nf3 {[%clk 0:21:37]} Nc6 {[%clk 0:21:11]} 7. Be2
{[%clk 0:19:52]} Qb6 {[%clk 0:20:38]} 8. Bb5 {[%clk 0:18:18]} Be7
{[%clk 0:17:56]} 9. O-O {[%clk 0:17:34]} a6 {[%clk 0:17:06]} 10. Bxc6
{[%clk 0:16:57]} Qxc6 {[%clk 0:17:03]} 11. Qd2 {[%clk 0:15:16]} O-O
{[%clk 0:16:11]} 12. Bg5 {[%clk 0:14:08]} Bxg5 {[%clk 0:16:07]} 13. Qxg5
{[%clk 0:14:03]} Qb6 {[%clk 0:12:44]} 14. Na4 {[%clk 0:13:14]} Qb4
{[%clk 0:11:30]} 15. Nxc5 {[%clk 0:12:51]} Nxc5 {[%clk 0:11:10]} 16. dxc5
{[%clk 0:12:58]} Qxc5 {[%clk 0:11:04]} 17. c3 {[%clk 0:12:55]} Re8
{[%clk 0:09:41]} 18. Rfe1 {[%clk 0:12:26]} Qe7 {[%clk 0:09:27]} 19. Qf4
{[%clk 0:11:18]} Bd7 {[%clk 0:08:43]} 20. Nd4 {[%clk 0:10:32]} Bb5
{[%clk 0:08:03]} 21. Re3 {[%clk 0:09:45]} Rac8 {[%clk 0:07:13]} 22. Rg3
{[%clk 0:08:44]} Rf8 {[%clk 0:05:50]} 23. Re1 {[%clk 0:08:20]} Kh8
{[%clk 0:03:34]} 24. Ree3 {[%clk 0:07:43]} Qb4 {[%clk 0:00:16]} 25. b3
{[%clk 0:06:33]} 1-0

[Event "MCR druzstev mladsich zaku 2015"]
[Site "Hradec Kralove"]
[Date "2015.06.14"]
[Round "8.18"]
[White "Vopalka (Vlasim), Vojtech"]
[Black "Taus (Interchess), Zdenek"]
[Result "1-0"]
[BlackElo "1100"]
[WhiteElo "1097"]
[LiveChessVersion "1.4.4"]

1. e4 {[%clk 0:25:15]} e5 {[%clk 0:25:19]} 2. Nc3 Nf6 {[%clk 0:25:26]} 3. Bc4
{[%clk 0:25:22]} Bc5 {[%clk 0:25:19]} 4. d3 d6 5. Bg5 Bg4 {[%clk 0:25:25]} 6. Qd2
{[%clk 0:24:58]} Nc6 7. Nd5 {[%clk 0:25:00]} a6 {[%clk 0:25:20]} 8. Bxf6
{[%clk 0:25:03]} gxf6 {[%clk 0:25:26]} 9. Ne2 {[%clk 0:25:00]} Qd7
{[%clk 0:25:23]} 10. Nxf6+ {[%clk 0:24:53]} Kd8 {[%clk 0:25:27]} 11. Nxd7
{[%clk 0:24:58]} Kxd7 {[%clk 0:25:33]} 12. Bxf7 Rad8 13. Qg5 {[%clk 0:24:23]} Kc8
{[%clk 0:25:36]} 14. Qxg4+ {[%clk 0:24:19]} Kb8 {[%clk 0:25:38]} 15. O-O
{[%clk 0:24:19]} Rc8 {[%clk 0:25:44]} 16. a4 {[%clk 0:24:23]} Rcf8
{[%clk 0:25:51]} 17. Qe6 {[%clk 0:24:20]} Nd8 {[%clk 0:25:52]} 18. Qc4
{[%clk 0:24:14]} Rxf7 {[%clk 0:25:55]} 19. b4 {[%clk 0:24:09]} Bxb4
{[%clk 0:25:49]} 20. Qxb4 {[%clk 0:24:13]} Rg8 {[%clk 0:25:53]} 21. Rab1
{[%clk 0:24:07]} Rfg7 {[%clk 0:26:00]} 22. g3 {[%clk 0:24:10]} Ne6
{[%clk 0:26:03]} 23. Qxb7# 1-0

[Event "MCR druzstev mladsich zaku 2015"]
[Site "Hradec Kralove"]
[Date "2015.06.14"]
[Round "9.1"]
[White "Mica (BSS F-M \"A\"), Marek"]
[Black "Ocko (Interchess), Dominik"]
[Result "1/2-1/2"]
[BlackElo "1677"]
[WhiteElo "1663"]
[LiveChessVersion "1.4.4"]

1. d4 {[%clk 0:25:16]} d5 {[%clk 0:25:20]} 2. c4 {[%clk 0:25:22]} Bf5
{[%clk 0:25:26]} 3. Nc3 {[%clk 0:25:27]} e6 {[%clk 0:25:33]} 4. Nf3
{[%clk 0:25:27]} Nf6 {[%clk 0:25:35]} 5. Qb3 {[%clk 0:25:14]} Nc6
{[%clk 0:25:20]} 6. cxd5 {[%clk 0:24:57]} exd5 {[%clk 0:25:13]} 7. Qxb7
{[%clk 0:24:41]} Nb4 {[%clk 0:24:49]} 8. Kd1 {[%clk 0:23:39]} Be7
{[%clk 0:21:18]} 9. Bf4 {[%clk 0:23:18]} Ng4 {[%clk 0:20:33]} 10. Bg3
{[%clk 0:22:43]} Nxf2+ {[%clk 0:16:30]} 11. Bxf2 {[%clk 0:21:37]} Rb8
{[%clk 0:16:36]} 12. Qxa7 {[%clk 0:21:36]} Ra8 {[%clk 0:16:42]} 13. Qb7
{[%clk 0:21:29]} Rb8 {[%clk 0:16:34]} 14. Qa7 {[%clk 0:21:22]} Ra8
{[%clk 0:14:48]} 15. Qb7 {[%clk 0:21:26]} Rb8 {[%clk 0:12:32]} 16. Qa7
{[%clk 0:20:17]} Ra8 {[%clk 0:11:04]} 17. Qb7 {[%clk 0:20:24]} 1/2-1/2

[Event "MCR druzstev mladsich zaku 2015"]
[Site "Hradec Kralove"]
[Date "2015.06.14"]
[Round "9.2"]
[White "Demko (Interchess), Robert"]
[Black "Stalmach (BSS F-M \"A\"), Richard"]
[Result "0-1"]
[BlackElo "1659"]
[WhiteElo "1888"]
[LiveChessVersion "1.4.4"]

1. d4 {[%clk 0:25:17]} c5 {[%clk 0:25:19]} 2. d5 {[%clk 0:25:21]} e5
{[%clk 0:25:28]} 3. c4 {[%clk 0:25:28]} d6 {[%clk 0:25:37]} 4. Nc3
{[%clk 0:25:36]} f5 {[%clk 0:25:33]} 5. g3 {[%clk 0:24:58]} g6 {[%clk 0:25:38]}
6. Bg2 {[%clk 0:25:04]} Bg7 {[%clk 0:25:45]} 7. e4 {[%clk 0:25:04]} Ne7
{[%clk 0:25:25]} 8. Nge2 {[%clk 0:24:40]} O-O {[%clk 0:25:29]} 9. O-O
{[%clk 0:24:47]} a6 {[%clk 0:25:35]} 10. a4 {[%clk 0:24:29]} b6 {[%clk 0:25:14]}
11. b3 {[%clk 0:23:35]} Nd7 {[%clk 0:25:08]} 12. Bb2 {[%clk 0:23:22]} f4
{[%clk 0:25:01]} 13. Qd3 {[%clk 0:22:37]} g5 {[%clk 0:24:50]} 14. g4
{[%clk 0:21:20]} Nf6 {[%clk 0:24:53]} 15. h3 {[%clk 0:20:31]} Ng6
{[%clk 0:23:41]} 16. Rfb1 {[%clk 0:19:13]} Nh4 {[%clk 0:23:43]} 17. f3
{[%clk 0:19:11]} h5 {[%clk 0:23:43]} 18. Ba3 {[%clk 0:18:03]} hxg4
{[%clk 0:23:37]} 19. hxg4 {[%clk 0:18:05]} Kf7 {[%clk 0:23:13]} 20. Kf2
{[%clk 0:15:35]} Bxg4 {[%clk 0:22:54]} 21. fxg4 {[%clk 0:15:21]} Nxg4+
{[%clk 0:22:53]} 22. Kg1 {[%clk 0:15:15]} Ne3 {[%clk 0:22:41]} 23. Bf1
{[%clk 0:13:45]} g4 {[%clk 0:22:25]} 24. Nd1 {[%clk 0:13:22]} Nf3+
{[%clk 0:22:12]} 25. Kf2 {[%clk 0:13:20]} Qh4+ {[%clk 0:22:18]} 26. Ng3
{[%clk 0:12:50]} Qxg3+ {[%clk 0:22:26]} 27. Ke2 {[%clk 0:12:47]} Qe1#
{[%clk 0:22:32]} 0-1

[Event "MCR druzstev mladsich zaku 2015"]
[Site "Hradec Kralove"]
[Date "2015.06.14"]
[Round "9.3"]
[White "Gnojek (BSS F-M \"A\"), Petr"]
[Black "Szotkowski (Interchess), David"]
[Result "1/2-1/2"]
[BlackElo "1726"]
[WhiteElo "1605"]
[LiveChessVersion "1.4.4"]

1. d4 {[%clk 0:25:18]} Nf6 {[%clk 0:25:18]} 2. c4 {[%clk 0:25:26]} c5
{[%clk 0:25:25]} 3. Nf3 {[%clk 0:25:31]} g6 {[%clk 0:25:20]} 4. Nc3
{[%clk 0:25:35]} cxd4 {[%clk 0:25:01]} 5. Nxd4 {[%clk 0:25:39]} Bg7
{[%clk 0:25:05]} 6. Bf4 {[%clk 0:25:42]} d6 {[%clk 0:24:16]} 7. e3
{[%clk 0:25:42]} Nc6 {[%clk 0:24:11]} 8. Nb3 {[%clk 0:25:37]} O-O
{[%clk 0:24:00]} 9. Be2 {[%clk 0:25:28]} Be6 {[%clk 0:23:54]} 10. O-O
{[%clk 0:25:22]} Rc8 {[%clk 0:23:40]} 11. Rc1 {[%clk 0:24:57]} Qd7
{[%clk 0:21:03]} 12. Nd5 Bxd5 {[%clk 0:19:38]} 13. cxd5 {[%clk 0:24:28]} Nb4
{[%clk 0:19:14]} 14. Bf3 Rxc1 {[%clk 0:18:37]} 15. Nxc1 {[%clk 0:23:25]} Qb5
{[%clk 0:17:32]} 16. e4 {[%clk 0:22:51]} Rc8 {[%clk 0:16:54]} 17. Qb3
{[%clk 0:22:20]} Qc4 {[%clk 0:16:31]} 18. a3 {[%clk 0:20:29]} Qxb3
{[%clk 0:16:11]} 19. Nxb3 {[%clk 0:20:21]} Nd3 {[%clk 0:16:12]} 20. Be3
{[%clk 0:19:41]} b6 {[%clk 0:16:03]} 21. Bd4 {[%clk 0:19:12]} Nd7
{[%clk 0:15:08]} 22. Bxg7 {[%clk 0:18:45]} Kxg7 {[%clk 0:15:16]} 23. Bg4
{[%clk 0:18:51]} Rc7 {[%clk 0:14:42]} 24. Rb1 {[%clk 0:16:49]} N7e5
{[%clk 0:14:25]} 25. Be2 {[%clk 0:16:47]} Rc2 {[%clk 0:14:17]} 26. Bxd3
{[%clk 0:16:33]} Nxd3 {[%clk 0:14:24]} 27. Nd4 {[%clk 0:16:42]} Rxb2
{[%clk 0:13:49]} 28. Rxb2 {[%clk 0:16:45]} Nxb2 {[%clk 0:13:55]} 29. Nc6
{[%clk 0:16:54]} Kf6 {[%clk 0:13:57]} 30. Nxa7 {[%clk 0:16:53]} Nc4
{[%clk 0:13:49]} 31. Nb5 {[%clk 0:16:38]} e6 {[%clk 0:13:06]} 32. dxe6
{[%clk 0:16:27]} fxe6 {[%clk 0:13:07]} 33. Kf1 {[%clk 0:16:25]} Nd2+
{[%clk 0:13:13]} 34. Ke2 {[%clk 0:16:33]} Nxe4 {[%clk 0:13:18]} 35. f3
{[%clk 0:16:42]} Nc5 {[%clk 0:13:12]} 36. Nxd6 {[%clk 0:16:47]} Ke5
{[%clk 0:13:03]} 37. Nc4+ {[%clk 0:16:55]} Kd4 {[%clk 0:12:34]} 38. Nxb6
{[%clk 0:16:51]} Nb3 {[%clk 0:12:10]} 39. Nd7 {[%clk 0:16:20]} Nc1+
{[%clk 0:10:47]} 40. Kf1 {[%clk 0:15:52]} e5 {[%clk 0:09:09]} 41. Nf8
{[%clk 0:15:51]} e4 {[%clk 0:09:01]} 42. fxe4 {[%clk 0:15:54]} Kxe4
{[%clk 0:09:09]} 43. Nxh7 {[%clk 0:15:47]} Kf5 {[%clk 0:08:37]} 44. Nf8
{[%clk 0:15:52]} Nd3 {[%clk 0:08:40]} 45. a4 {[%clk 0:15:45]} Nc5
{[%clk 0:08:44]} 46. a5 {[%clk 0:15:09]} Kf6 {[%clk 0:08:45]} 47. a6
{[%clk 0:15:10]} Nxa6 {[%clk 0:08:53]} 48. Nd7+ {[%clk 0:15:19]} Ke6
{[%clk 0:08:53]} 49. Nb6 {[%clk 0:15:26]} Nc5 {[%clk 0:08:59]} 50. Nc4
{[%clk 0:15:30]} Ne4 {[%clk 0:09:00]} 51. Ke2 {[%clk 0:15:35]} Kf6
{[%clk 0:08:54]} 52. Kf3 {[%clk 0:15:38]} Ng5+ {[%clk 0:08:55]} 53. Kg4
{[%clk 0:15:46]} Ne4 {[%clk 0:08:57]} 54. Ne3 {[%clk 0:15:30]} Nf2+
{[%clk 0:08:40]} 55. Kf3 {[%clk 0:15:36]} Nd3 {[%clk 0:08:47]} 56. g4
{[%clk 0:15:29]} g5 {[%clk 0:08:44]} 57. Kg3 {[%clk 0:15:09]} Nf4
{[%clk 0:08:43]} 58. h4 {[%clk 0:15:05]} Ne2+ {[%clk 0:08:48]} 59. Kf2
{[%clk 0:15:12]} Nf4 {[%clk 0:08:47]} 60. h5 {[%clk 0:15:11]} Nd3+
{[%clk 0:08:12]} 61. Kg3 {[%clk 0:15:15]} Ne5 {[%clk 0:08:13]} 62. Nf5
{[%clk 0:14:55]} Nd3 {[%clk 0:07:50]} 63. Nd6 {[%clk 0:14:34]} Ne5
{[%clk 0:07:48]} 64. Ne4+ {[%clk 0:14:38]} Kg7 {[%clk 0:07:42]} 65. Nxg5
{[%clk 0:14:42]} Kh6 {[%clk 0:07:38]} 66. Nf3 {[%clk 0:14:36]} Nf7
{[%clk 0:07:26]} 67. Nd4 {[%clk 0:14:41]} Ne5 {[%clk 0:07:14]} 68. Nf5+
{[%clk 0:14:43]} Kg5 {[%clk 0:07:16]} 69. h6 {[%clk 0:14:32]} Nf7
{[%clk 0:07:19]} 70. Kh3 {[%clk 0:13:44]} Ne5 {[%clk 0:06:30]} 71. Kg3
{[%clk 0:13:04]} Nf7 {[%clk 0:06:21]} 72. Kh3 {[%clk 0:12:08]} Ne5
{[%clk 0:06:19]} 73. h7 {[%clk 0:12:12]} Nf7 {[%clk 0:06:25]} 74. Nd6
{[%clk 0:12:14]} Nh8 {[%clk 0:06:05]} 75. Ne8 {[%clk 0:11:48]} Kg6
{[%clk 0:06:09]} 76. Kh4 {[%clk 0:11:46]} Kxh7 {[%clk 0:06:16]} 77. Kh5
{[%clk 0:11:37]} Nf7 {[%clk 0:06:20]} 78. Nc7 {[%clk 0:11:37]} Kg7
{[%clk 0:06:19]} 79. Nd5 {[%clk 0:11:32]} Ne5 {[%clk 0:06:20]} 80. g5
{[%clk 0:11:34]} Nf3 {[%clk 0:06:26]} 81. g6 {[%clk 0:11:42]} Ne5
{[%clk 0:06:34]} 82. Nf4 {[%clk 0:11:51]} Nxg6 {[%clk 0:06:43]} 83. Nxg6 Kf7
1/2-1/2